Pays les plus répétitifs - Statistiques

Statistiques générales
  • Ce quiz a été pris 41 fois
  • Le résultat moyen est 9 sur 18
Statistiques - réponses
# Réponse % Correct
13 République Démocratique du Congo
84%
15 Saint-Vincent-et-les-Grenadines
71%
11 Saint-Christophe-et-Niévès
68%
6 Nouvelle-Zélande
61%
11 République Centrafricaine
61%
7 République Dominicaine
61%
6 Antigua-et-Barbuda
55%
12 Papouasie-Nouvelle-Guinée
55%
6 République Tchèque
55%
6 Sao Tomé-et-Principe
53%
6 Trinité-et-Tobago
53%
7 Émirats Arabes Unis
47%
6 Guinée Équatoriale
47%
12 États Fédérés de Micronésie
45%
5 Soudan du Sud
32%
6 Bosnie-Herzégovine
29%
6 Liechtenstein
29%
5 Macédoine du Nord
21%
Aucun quiz correspondant
Distribution des résultats
% des personnes avec chaque résultat
Percentile par nombre de réponses
Votre historique - résultats
Vous n’avez pas pris ce quiz